000 00914nac a22002897a 4500
001 BR8303890
003 BR-BrBNA
005 20240105115807.0
008 230509b bl.|||m| |||| 00| 0 por d
040 _aBR-BrBNA
_bpor
_cBiblioteca Nacional de Agricultura
072 _aE15
090 _aE15 BR8303890
110 1 _aCooperativa Agricola Mista Vale do Piquiri Ltda., Palotina, PR (Brasil)
_92783
245 1 _aRelatorio 80/82 [Cooperativa Agricola Mista Vale do Piquiri Ltda., Parana, Brasil]
260 3 _aPalotina, PR (Brasil):
_c1983.
300 _a34 p.
490 _aRelatorio - Cooperativa Agricola Mista Vale do Piquiri Ltda. (Brazil)
_v
_x
500 _a20 illus.
650 _aPRODUCAO VEGETAL
650 _aCOOPERATIVA
650 _aORCAMENTO
650 _aRECEITA
650 _aDESPESA
650 _aPARANA
909 _a202312
_bLúcia Elande
_c55
_dLúcia Elande
942 _2AGRIS
_n0
_cMS
999 _c276422
_d276422